Příprava učitelů a aktuální proměny v základním vzdělávání : České Budějovice 15. a 16.9.2005 /

Korporativní autor: Jihočeská univerzita. Pedagogická fakulta. Katedra pedagogiky a psychologie
Další autoři: Příprava učitelů a aktuální proměny v základním vzdělávání (konference), Jandová, Renata, 1964-
Jazyk: Slovenština
Čeština
Vydáno: České Budějovice : Jihočeská univerzita, Pedagogická fakulta, Katedra pedagogiky a psychologie, 2005
Vydání: Vyd. 1.
Témata:
Externí odkaz: Digitalizovaný dokument
Fyzický popis: 168 s. : il. ; 30 cm
Language note: Část. slovenský text, anglická resumé
Knihy
Uloženo v:
LEADER 02054nam a2200457 a 4500
001 nkc20051584913
003 CZ PrNK
005 20051205140928.0
007 ta
008 051007s2005 xr a e p 100 0 cze
015 |a cnb001584913 
020 |a 80-7040-789-1  |q (brož.) 
035 |a (OCoLC)85163464 
040 |a BOA001  |b cze 
041 0 |a cze  |b eng  |a slo 
072 7 |a 377  |x Odborné vzdělávání  |2 Konspekt  |9 22 
072 7 |a 37.016  |x Učební osnovy. Vyučovací předměty. Učebnice  |2 Konspekt  |9 22 
080 |a 377.8  |2 MRF 
080 |a 373.3  |2 MRF 
080 |a (075.8)  |2 MRF 
111 2 |a Příprava učitelů a aktuální proměny v základním vzdělávání (konference)  |d (2005 :  |c České Budějovice, Česko)  |7 mzk2005304543 
245 1 0 |a Příprava učitelů a aktuální proměny v základním vzdělávání :  |b České Budějovice 15. a 16.9.2005 /  |c Jihočeská univerzita, Pedagogická fakulta, Katedra pedagogiky a psychologie ; editor Renata Jandová 
250 |a Vyd. 1. 
260 |a České Budějovice :  |b Jihočeská univerzita, Pedagogická fakulta, Katedra pedagogiky a psychologie,  |c 2005 
300 |a 168 s. :  |b il. ;  |c 30 cm 
504 |a Obsahuje bibliografie 
546 |a Část. slovenský text, anglická resumé 
650 0 7 |a vzdělávání učitelů  |7 ph158324  |2 czenas 
650 0 7 |a základní školy  |7 ph116795  |2 czenas 
650 0 9 |a teacher education  |2 eczenas 
650 0 9 |a elementary schools  |2 eczenas 
655 7 |a učebnice vysokých škol  |7 fd133772  |2 czenas 
655 9 |a textbooks (higher)  |2 eczenas 
700 1 |a Jandová, Renata,  |d 1964-  |7 mzk2005300659  |4 edt 
710 2 |a Jihočeská univerzita.  |b Pedagogická fakulta.  |b Katedra pedagogiky a psychologie  |7 ko20010091849 
856 4 1 |u http://www.digitalniknihovna.cz/mzk/uuid/uuid:0cac85e0-e3ce-11e6-8a71-005056827e52  |y Digitalizovaný dokument  |x NDK 
910 2 |a BOA001  |b 3-1158.829 
990 |a BK 
995 |a 01 
991 |b 200510  |c NOV 
996 6 |b 2610261291  |c 3-1158.829  |l MZK  |r Sklad / do 1 hodiny  |n 3  |p p.v.  |w 000792274  |u 000010  |a 1  |e BOA001  |j MZK50  |s P